000 00300nam a2200121Ia 4500
005 20251222154315.0
008 251222s9999||||xx |||||||||||||| ||spa||
020 _a978-84-376-1531-8
082 _a551.6/C93
100 _a"Cuadrat, José M.Pita, M. Fernanda"
245 0 _aClimatologéa
942 _cLIB
999 _c33565
_d33565